[Event "CRO Cup"]
[Site "Mali Losinj"]
[Date "2019.05.17"]
[Round "4.74"]
[White "Susnjar, Miroslav"]
[Black "Grozdanic, Goran"]
[Result "1/2-1/2"]
[WhiteElo "2136"]
[BlackElo "2014"]
[PlyCount "136"]
[EventDate "2019.05.15"]
[EventType "team-swiss"]
[EventRounds "6"]
[EventCountry "CRO"]
[SourceTitle "CBM 190 Extra"]
[Source "ChessBase"]
[SourceDate "2019.07.15"]
[SourceVersion "1"]
[SourceVersionDate "2019.07.15"]
[SourceQuality "1"]
[WhiteTeam "Osijek Ferit"]
[BlackTeam "Primosten"]
[WhiteTeamCountry "CRO"]
[BlackTeamCountry "CRO"]

1. d4 d5 2. Nf3 Nf6 3. c4 c6 4. e3 e6 5. Nc3 b6 6. b3 Be7 7. Bb2 0-0 8. Bd3 Nbd7 9. 0-0 Bb7 10. e4 dxe4 11. Nxe4 Nxe4 12. Bxe4 Bf6 13. Qc2 h6 14. Rad1 Qc7 15. Rfe1 Rfe8 16. Ne5 Bxe5 17. dxe5 Rad8 18. Qc3 c5 19. Bxb7 Qxb7 20. Rd6 Nf8 21. Red1 Rxd6 22. Rxd6 Qe4 23. Rd1 Re7 24. f3 Qc6 25. Rd6 Qc7 26. Kf2 Rd7 27. Ke2 Qb7 28. Qd3 Rxd6 29. Qxd6 Qd7 30. Qxd7 Nxd7 31. Ke3 Kf8 32. Ke4 Ke7 33. g4 Nb8 34. Bc3 Nc6 35. h4 Kf8 36. h5 Ke7 37. f4 Kf8 38. f5 Kg8 39. f6 Kh7 40. fxg7 Kxg7 41. Kf4 Kh7 42. Ke4 Kg7 43. Bd2 Kh7 44. Bc3 Kg7 45. Kf4 Kh7 46. a3 a5 47. g5 Kg7 48. gxh6+ Kxh6 49. Kg4 Ne7 50. Bd2+ Kg7 51. Kg5 Nf5 52. Bc3 Nh6 53. b4 axb4 54. axb4 Nf5 55. bxc5 bxc5 56. Bd2 Ng3 57. Be3 Ne4+ 58. Kf4 f5 59. exf6+ Nxf6 60. Bxc5 Nxh5+ 61. Ke5 Kf7 62. Kd6 Ng3 63. Kd7 Kf6 64. Be7+ Kf5 65. c5 Ne2 66. c6 Nc3 67. c7 Nd5 68. c8Q Nb6+ 1/2-1/2

[Event "CRO-CupT final"]
[Site "Sibenik"]
[Date "2015.05.22"]
[Round "4.7"]
[White "Grozdanic, Goran"]
[Black "Vukelic, Tomislav"]
[Result "0-1"]
[WhiteElo "2044"]
[BlackElo "2211"]
[PlyCount "69"]
[EventDate "2015.05.20"]
[EventType "team-swiss"]
[EventRounds "6"]
[EventCountry "CRO"]
[SourceTitle "CBM 166 Extra"]
[Source "ChessBase"]
[SourceDate "2015.06.18"]
[SourceVersion "1"]
[SourceVersionDate "2015.06.18"]
[SourceQuality "1"]
[WhiteTeam "Primosten"]
[BlackTeam "Slavonski Brod"]
[WhiteTeamCountry "CRO"]
[BlackTeamCountry "CRO"]

1. d4 d5 2. c4 c6 3. Nc3 Nf6 4. e3 g6 5. Nf3 Bg7 6. b3 0-0 7. Bd3 c5 8. 0-0 Nc6 9. dxc5 dxc4 10. Bxc4 Ne4 11. Nxe4 Bxa1 12. Qc2 Bf5 13. Nh4 Bxe4 14. Qxe4 Bf6 15. a3 e6 16. Nf3 Na5 17. b4 Nxc4 18. Qxc4 Qd7 19. e4 Rfd8 20. e5 Bg7 21. Bg5 Qd3 22. Qh4 Rd5 23. Be7 h6 24. Bd6 Qxa3 25. Qe7 Qa6 26. Qd7 Qc6 27. Qxc6 bxc6 28. Rb1 a6 29. Kf1 g5 30. Ke2 g4 31. Nd2 Bxe5 32. Ne4 f5 33. f3 fxe4 34. fxe4 Rxd6 35. cxd6 0-1

[Event "CRO-Cup 18th"]
[Site "Sibenik"]
[Date "2009.05.23"]
[Round "4"]
[White "Florjan, Mladen"]
[Black "Grozdanic, Goran"]
[Result "1/2-1/2"]
[WhiteElo "2004"]
[BlackElo "2082"]
[PlyCount "25"]
[EventDate "2009.05.20"]
[EventType "team-tourn"]
[EventRounds "5"]
[EventCountry "CRO"]
[SourceTitle "CBM 130 Extra"]
[Source "ChessBase"]
[SourceDate "2009.07.02"]
[SourceVersion "2"]
[SourceVersionDate "2009.07.15"]
[SourceQuality "1"]

1. d4 f5 2. Nc3 Nf6 3. Bg5 e6 4. e4 fxe4 5. Nxe4 Be7 6. Bd3 0-0 7. Nxf6+ Bxf6 8. Qh5 Bxg5 9. Qxh7+ Kf7 10. Qg6+ Kg8 11. Qh7+ Kf7 12. Qg6+ Kg8 13. Qh7+ 1/2-1/2

[Event "CRO-Cup 18th"]
[Site "Sibenik"]
[Date "2009.05.20"]
[Round "1"]
[White "Dimitrijevic, Darko"]
[Black "Grozdanic, Goran"]
[Result "1/2-1/2"]
[WhiteElo "2256"]
[BlackElo "2082"]
[PlyCount "64"]
[EventDate "2009.05.20"]
[EventType "team-tourn"]
[EventRounds "5"]
[EventCountry "CRO"]
[SourceTitle "CBM 130 Extra"]
[Source "ChessBase"]
[SourceDate "2009.07.02"]
[SourceVersion "2"]
[SourceVersionDate "2009.07.15"]
[SourceQuality "1"]

1. c4 e5 2. Nc3 f5 3. e4 Nf6 4. exf5 d6 5. g4 h6 6. h3 Nc6 7. Bg2 Bd7 8. Nge2 Qe7 9. d3 0-0-0 10. Be3 Kb8 11. Qb3 a6 12. 0-0-0 Qe8 13. Nd5 h5 14. Nxf6 gxf6 15. Ng3 h4 16. Ne4 Qf7 17. Nc3 Re8 18. Kb1 Bh6 19. Rhe1 Bxe3 20. fxe3 Nd8 21. Bd5 Qe7 22. a3 Bc6 23. Qb4 Qd7 24. Ne4 Rhf8 25. Nd2 b6 26. Nb3 Ka7 27. Rc1 Rh8 28. Re2 Rh7 29. Qe1 Bxd5 30. cxd5 Qb5 31. Rc3 Qxd5 32. Nd2 Nb7 1/2-1/2

[Event "CRO Cup 17th"]
[Site "Sibenik"]
[Date "2008.05.25"]
[Round "5"]
[White "Grozdanic, Goran"]
[Black "Konic, Zlatko"]
[Result "1-0"]
[WhiteElo "2052"]
[BlackElo "2054"]
[PlyCount "91"]
[EventDate "2008.05.21"]
[EventType "swiss"]
[EventRounds "5"]
[EventCountry "CRO"]
[SourceTitle "CBM 124 Extra"]
[Source "ChessBase"]
[SourceDate "2008.07.03"]
[SourceVersion "1"]
[SourceVersionDate "2008.07.03"]
[SourceQuality "1"]

1. d4 d5 2. c4 c6 3. e3 Nf6 4. Nc3 e6 5. Nf3 Nbd7 6. Qc2 Bd6 7. b3 0-0 8. Bd3 h6 9. 0-0 Re8 10. e4 dxe4 11. Nxe4 Nxe4 12. Bxe4 Nf6 13. Bd3 Qa5 14. h3 Qh5 15. Be2 Qa5 16. Bb2 a6 17. Bc3 Qc7 18. Rad1 b5 19. Rfe1 Rb8 20. Ne5 c5 21. f4 cxd4 22. Bxd4 Bc5 23. Qc3 b4 24. Qe3 Bxd4 25. Rxd4 Bb7 26. Red1 Qb6 27. Kh2 a5 28. Bf3 Bxf3 29. Qxf3 Rbd8 30. Qd3 Rxd4 31. Qxd4 Qb7 32. Rd2 h5 33. g4 hxg4 34. hxg4 Qe7 35. Kg3 Qb7 36. Rh2 Ne4+ 37. Kh3 Nc3 38. Kg3 Ne4+ 39. Kh3 Nc3 40. g5 f6 41. gxf6 gxf6 42. Rg2+ Kh7 43. Qd3+ Ne4 44. Qf3 Ng5+ 45. fxg5 Qxf3+ 46. Nxf3 1-0

[Event "CRO Cup 17th"]
[Site "Sibenik"]
[Date "2008.05.24"]
[Round "4"]
[White "Grgic, Ivan"]
[Black "Grozdanic, Goran"]
[Result "0-1"]
[WhiteElo "2029"]
[BlackElo "2052"]
[PlyCount "54"]
[EventDate "2008.05.21"]
[EventType "swiss"]
[EventRounds "5"]
[EventCountry "CRO"]
[SourceTitle "CBM 124 Extra"]
[Source "ChessBase"]
[SourceDate "2008.07.03"]
[SourceVersion "1"]
[SourceVersionDate "2008.07.03"]
[SourceQuality "1"]

1. e4 c5 2. Nf3 Nc6 3. d4 cxd4 4. Nxd4 g6 5. Be3 Bg7 6. Nc3 a6 7. Qd2 d6 8. 0-0-0 Nf6 9. f3 Qa5 10. Bc4 Bd7 11. g4 Ne5 12. Bb3 Rc8 13. h4 Nc4 14. Bxc4 Rxc4 15. e5 Qxe5 16. Rhe1 Qa5 17. Nb3 Qd8 18. g5 Nh5 19. Nd5 Be6 20. Bb6 Qd7 21. Nc5 Rxc5 22. Bxc5 dxc5 23. Qe3 Qc6 24. f4 Bd4 25. Rxd4 cxd4 26. Qe5 Rg8 27. Nc7+ Kd7 0-1

[Event "CRO Cup 17th"]
[Site "Sibenik"]
[Date "2008.05.23"]
[Round "3"]
[White "Losic, Faruk"]
[Black "Grozdanic, Goran"]
[Result "0-1"]
[WhiteElo "2041"]
[BlackElo "2052"]
[PlyCount "82"]
[EventDate "2008.05.21"]
[EventType "swiss"]
[EventRounds "5"]
[EventCountry "CRO"]
[SourceTitle "CBM 124 Extra"]
[Source "ChessBase"]
[SourceDate "2008.07.03"]
[SourceVersion "1"]
[SourceVersionDate "2008.07.03"]
[SourceQuality "1"]

1. Nf3 g6 2. g3 Bg7 3. Bg2 d5 4. c4 d4 5. d3 c5 6. 0-0 Nc6 7. a3 a5 8. Qc2 e5 9. Nbd2 Qc7 10. Rb1 Nge7 11. Ne4 b6 12. Bg5 0-0 13. Bf6 Bb7 14. h4 Rad8 15. Qc1 Bxf6 16. Nxf6+ Kg7 17. Ng4 Ng8 18. h5 h6 19. Nd2 f5 20. Nh2 g5 21. Ndf3 Qe7 22. Qd1 e4 23. Nd2 Nf6 24. Qb3 e3 25. Ndf3 exf2+ 26. Rxf2 Nxh5 27. Qxb6 Nxg3 28. Nxg5 hxg5 29. Bxc6 Bxc6 30. Qxc6 Nxe2+ 31. Kf1 Rde8 32. Qf3 Nf4 33. Qg3 Nh5 34. Qh3 Kg6 35. Qg2 g4 36. Rd1 Kh6 37. Rfd2 Qe3 38. Qb7 Ng3+ 39. Kg2 Ne2 40. Kh1 Re7 41. Qg2 Ng3+ 0-1

[Event "CRO Cup 17th"]
[Site "Sibenik"]
[Date "2008.05.21"]
[Round "1"]
[White "Cucancic, Sinisa"]
[Black "Grozdanic, Goran"]
[Result "1-0"]
[WhiteElo "2236"]
[BlackElo "2052"]
[PlyCount "57"]
[EventDate "2008.05.21"]
[EventType "swiss"]
[EventRounds "5"]
[EventCountry "CRO"]
[SourceTitle "CBM 124 Extra"]
[Source "ChessBase"]
[SourceDate "2008.07.03"]
[SourceVersion "1"]
[SourceVersionDate "2008.07.03"]
[SourceQuality "1"]

1. e4 c5 2. b3 Nc6 3. Bb2 e6 4. Nf3 d5 5. exd5 exd5 6. Bb5 Nf6 7. Qe2+ Qe7 8. Bxc6+ bxc6 9. Ne5 Bb7 10. d3 Rd8 11. 0-0 Rd6 12. f4 g6 13. Nd2 Bg7 14. Rae1 0-0 15. Qf2 Re6 16. f5 gxf5 17. Qxf5 Nd7 18. Nxd7 Rxe1 19. Bxg7 Qe3+ 20. Kh1 Kxg7 21. Nxf8 Rxf1+ 22. Nxf1 Qe2 23. Nd7 Bc8 24. Qf6+ Kg8 25. Qd8+ Kg7 26. Qf8+ Kg6 27. Qg8+ Kh6 28. Qxf7 Bxd7 29. Qf6+ 1-0

[Event "CRO-chT 16th"]
[Site "Sibenik"]
[Date "2007.05.21"]
[Round "5"]
[White "Grozdanic, Goran"]
[Black "Bozanic, Ivica"]
[Result "1/2-1/2"]
[WhiteElo "2022"]
[BlackElo "2252"]
[PlyCount "120"]
[EventDate "2007.05.17"]
[EventType "team"]
[EventRounds "5"]
[EventCountry "CRO"]
[SourceTitle "CBM 118 Extra"]
[Source "ChessBase"]
[SourceDate "2007.07.04"]
[SourceVersion "1"]
[SourceVersionDate "2007.07.04"]
[SourceQuality "1"]

1. d4 Nf6 2. c4 e6 3. Nc3 Bb4 4. a3 Bxc3+ 5. bxc3 b6 6. Bg5 Bb7 7. f3 h6 8. Bh4 d6 9. e4 Nc6 10. Bd3 e5 11. Ne2 g5 12. Bf2 Nh5 13. Qa4 Qd7 14. Rd1 Na5 15. Qxd7+ Kxd7 16. dxe5 dxe5 17. c5 Ke7 18. h4 Nf4 19. Nxf4 gxf4 20. g3 fxg3 21. Bxg3 f6 22. Bf2 h5 23. Rg1 Rhg8 24. Ke2 Rad8 25. Rxg8 Rxg8 26. Rg1 Rxg1 27. Bxg1 Bc8 28. cxb6 axb6 29. Be3 Be6 30. Kd2 Bc4 31. Bc2 Bf1 32. Kd1 Bg2 33. Ke2 Bh3 34. Bd3 Be6 35. Kd2 Bb3 36. f4 Bc4 37. Bc2 Bb5 38. Ke1 Nc4 39. Bc1 Bc6 40. Kf2 Nd6 41. fxe5 fxe5 42. Kf3 Bb5 43. Bg5+ Kd7 44. Bc1 Bc4 45. Ke3 Bf7 46. Bd3 Bg6 47. Bd2 Bf7 48. Bc1 Kc6 49. Bb2 Bc4 50. Bc2 Kb5 51. a4+ Kc6 52. Ba3 Nb7 53. Bd1 Bf7 54. Be2 Nd6 55. Bb4 Bg6 56. Bd3 Bf7 57. Be2 Kb7 58. Bxd6 cxd6 59. Bb5 Kc7 60. c4 Be6 1/2-1/2

[Event "CRO-chT 16th"]
[Site "Sibenik"]
[Date "2007.05.20"]
[Round "4"]
[White "Grozdanic, Goran"]
[Black "Dobrovic, Ante"]
[Result "0-1"]
[WhiteElo "2022"]
[BlackElo "2083"]
[PlyCount "48"]
[EventDate "2007.05.17"]
[EventType "team"]
[EventRounds "5"]
[EventCountry "CRO"]
[SourceTitle "CBM 118 Extra"]
[Source "ChessBase"]
[SourceDate "2007.07.04"]
[SourceVersion "1"]
[SourceVersionDate "2007.07.04"]
[SourceQuality "1"]

1. d4 d5 2. c4 c6 3. e3 Nf6 4. Nc3 e6 5. Qc2 Nbd7 6. b3 Bd6 7. Nf3 0-0 8. Bd3 Re8 9. 0-0 e5 10. dxe5 Nxe5 11. Nxe5 Bxe5 12. h3 d4 13. exd4 Qxd4 14. Bb2 Qf4 15. g3 Qh6 16. Bf5 Bxf5 17. Qxf5 g6 18. Qf3 Qxh3 19. Rad1 Ng4 20. Qg2 Qh5 21. Rd7 Rab8 22. Rd2 Rbd8 23. Rfd1 Rxd2 24. Rxd2 Bxc3 0-1

[Event "CRO Cup 14th"]
[Site "Sibenik"]
[Date "2005.05.31"]
[Round "3"]
[White "Grozdanic, Goran"]
[Black "Svaljek, Radmila"]
[Result "1/2-1/2"]
[WhiteElo "2026"]
[BlackElo "2038"]
[PlyCount "55"]
[EventDate "2005.05.30"]
[EventType "team"]
[EventRounds "7"]
[EventCountry "CRO"]
[SourceTitle "CBM 106 Extra"]
[Source "ChessBase"]
[SourceDate "2005.07.01"]
[SourceVersion "1"]
[SourceVersionDate "2005.07.01"]
[SourceQuality "1"]

1. d4 d5 2. c4 e6 3. Nc3 c6 4. e3 Nf6 5. Qc2 Nbd7 6. Nf3 Be7 7. a3 0-0 8. b3 h6 9. Bb2 b6 10. Be2 Bb7 11. 0-0 Rc8 12. Rac1 c5 13. Rfd1 cxd4 14. exd4 Bd6 15. Qd3 Bb8 16. h3 Qe7 17. Re1 Qd6 18. g3 Ba6 19. Nb5 Bxb5 20. cxb5 Ne4 21. Bf1 Qe7 22. Rc6 Bd6 23. Rec1 Rcd8 24. b4 Qf6 25. Bg2 Qf5 26. Qe3 Nb8 27. R6c2 Ng5 28. Nxg5 1/2-1/2

[Event "CRO Cup 14th"]
[Site "Sibenik"]
[Date "2005.05.30"]
[Round "1"]
[White "Grozdanic, Goran"]
[Black "Jurkovic, Hrvoje"]
[Result "0-1"]
[WhiteElo "2026"]
[BlackElo "2431"]
[PlyCount "106"]
[EventDate "2005.05.30"]
[EventType "team"]
[EventRounds "7"]
[EventCountry "CRO"]
[SourceTitle "CBM 106 Extra"]
[Source "ChessBase"]
[SourceDate "2005.07.01"]
[SourceVersion "1"]
[SourceVersionDate "2005.07.01"]
[SourceQuality "1"]

1. d4 d5 2. c4 Nc6 3. Nc3 e5 4. cxd5 Nxd4 5. e3 Nf5 6. Nf3 Bd6 7. Bb5+ Bd7 8. Qa4 Nf6 9. e4 Ne7 10. Bg5 a6 11. Bxd7+ Nxd7 12. 0-0 0-0 13. Rac1 h6 14. Bh4 g5 15. Bg3 Ng6 16. Qc2 h5 17. h3 g4 18. hxg4 hxg4 19. Nh2 Qg5 20. Nd1 Nf6 21. Ne3 Rad8 22. Nf5 Rd7 23. Qe2 Kh7 24. f3 gxf3 25. Qxf3 Nh5 26. Ng4 Rg8 27. Nfh6 Rg7 28. Bf2 Ngf4 29. Be3 Rg6 30. g3 Nxg3 31. Qxg3 Ne2+ 32. Kg2 Nxg3 33. Bxg5 Nxf1 34. Kxf1 Rxg5 35. Nf6+ Kxh6 36. Nxd7 Rg4 37. Re1 Kg5 38. Kf2 f5 39. exf5 Kxf5 40. Rc1 Rd4 41. Nc5 Rxd5 42. Nxb7 Rd2+ 43. Ke3 Rxb2 44. Nxd6+ cxd6 45. Rc6 d5 46. Rxa6 Rh2 47. Ra8 Rh3+ 48. Ke2 Ke4 49. Ke1 d4 50. Kd2 Rh2+ 51. Kd1 d3 52. Ra5 Kd4 53. Ra4+ Ke3 0-1

[Event "CRO-chT2"]
[Site "Pula"]
[Date "2000.09.17"]
[Round "7"]
[White "Bukal, Vladimir Sr"]
[Black "Grozdanic, Goran"]
[Result "1-0"]
[WhiteElo "2449"]
[BlackElo "2135"]
[PlyCount "93"]
[EventDate "2000.09.??"]
[EventType "team-swiss"]
[EventRounds "7"]
[EventCountry "CRO"]
[SourceTitle "EXT 2001"]
[Source "ChessBase"]
[SourceDate "2000.11.22"]
[SourceVersion "1"]
[SourceVersionDate "2000.11.22"]
[SourceQuality "1"]

1. c4 Nf6 2. Nc3 e5 3. Nf3 Nc6 4. e4 d6 5. h3 Be7 6. d4 exd4 7. Nxd4 Nxd4 8. Qxd4 0-0 9. Be2 Re8 10. 0-0 h6 11. Be3 Bf8 12. Rfd1 Bd7 13. f3 g6 14. Qd2 Kh7 15. Bd4 b6 16. Rac1 Bg7 17. Nd5 Bc6 18. Bf1 Bb7 19. Qc3 Re6 20. b4 c6 21. Nf4 Re8 22. c5 g5 23. Ne2 d5 24. Ng3 bxc5 25. bxc5 Bc8 26. e5 Ng8 27. Nh5 Be6 28. Bd3+ Kh8 29. Bc2 Ne7 30. g4 Ng6 31. Re1 Rb8 32. a3 Qc7 33. Qd3 Kg8 34. Re2 Rb7 35. Rce1 Reb8 36. Qe3 Qe7 37. Kh1 Kh8 38. Qd3 Kg8 39. Rf2 Kf8 40. Ref1 Bxe5 41. Bxe5 Nxe5 42. Qh7 f6 43. Qxh6+ Ke8 44. Nxf6+ Kd8 45. Re2 Nf7 46. Qg6 Qxc5 47. Rxe6 1-0